La monarquía hispánica en tiempos del Quijote / (Record no. 186199)

MARC details
000 -LEADER
campo de control de longitud fija 01372nam a2200277 i 4500
001 - NÚMERO DE CONTROL
campo de control 186199
003 - IDENTIFICADOR DE NÚMERO DE CONTROL
campo de control SpMaBN
005 - FECHA Y HORA DE LA ÚLTIMA TRANSACCIÓN
campo de control 20250713041043.0
008 - DATOS DE LONGITUD FIJA--INFORMACIÓN GENERAL
campo de control de longitud fija 160916s2005 sp abd |||| | spa d
020 ## - NÚMERO INTERNACIONAL ESTÁNDAR DEL LIBRO
Número Internacional Estándar del Libro 84-7737-156-3
080 ## - NÚMERO DE LA CLASIFICACIÓN DECIMAL UNIVERSAL
Número de la Clasificación Decimal Universal 94(460)"1598/1621"
080 ## - NÚMERO DE LA CLASIFICACIÓN DECIMAL UNIVERSAL
Número de la Clasificación Decimal Universal 327(460)"16"
245 03 - MENCIÓN DEL TÍTULO
Título La monarquía hispánica en tiempos del Quijote /
Mención de responsabilidad, etc. Porfirio Sanz Camañes (coordinador) ; [autores, Aranda Pérez, Francisco J. ... et al.].
260 ## - PUBLICACIÓN, DISTRIBUCIÓN, ETC.
Lugar de publicación, distribución, etc. Madrid :
Nombre del editor, distribuidor, etc. Sílex,
Fecha de publicación, distribución, etc. [2005]
300 ## - DESCRIPCIÓN FÍSICA
Extensión 684 p. :
Otras características físicas il., gráf., mapas ;
Dimensiones 24 cm.
504 ## - NOTA DE BIBLIOGRAFÍA, ETC.
Nota de bibliografía, etc. Referencias bibliográficas.
505 8# - NOTA DE CONTENIDO CON FORMATO
Nota de contenido con formato Contiene: Conferencia inaugural: ;
Título El mundo rural en La Mancha cervantina: labradores e hidalgos /
Mención de responsabilidad Jerónimo López-Salazar Pérez. --
Título La Mancha, Castilla y España: sociedad, pensamiento y cultura ;
-- La monarquía hispánica: política, diplomacia y conflictos
600 14 - PUNTO DE ACCESO ADICIONAL DE MATERIA--NOMBRE DE PERSONA
Nombre de persona Cervantes Saavedra, Miguel de,
Fechas asociadas al nombre 1547-1616.
Título de la obra Don Quijote de la Mancha-
Subdivisión de forma Aniversarios y centenarios
9 (RLIN) 37614
651 #7 - PUNTO DE ACCESO ADICIONAL DE MATERIA--NOMBRE GEOGRÁFICO
Nombre geográfico España-
Subdivisión general Historia-
Subdivisión cronológica 1598-1621, Felipe III.
9 (RLIN) 8234
651 #7 - PUNTO DE ACCESO ADICIONAL DE MATERIA--NOMBRE GEOGRÁFICO
Nombre geográfico España-
Subdivisión general Política exterior-
Subdivisión cronológica 1598-1621.
9 (RLIN) 8418
700 1# - ENTRADA AGREGADA--NOMBRE PERSONAL
Nombre de persona Sanz Camañes, Porfirio.
9 (RLIN) 160895
852 ## - LOCALIZACIÓN
Ubicación ES-MaACL
Número de control de estantería A-13947
itemnumber 193254
Sublocalización o colección R.151271
Ubicación en estantería Depósito 1
Signatura antigua Olim: N-6947
Donativo/Legado Donacion: Jose Lázaro
903 ## - NOMBRE PERSONAL DE DONANTE
9 234219
a Lázaro García, José
e Donante
942 ## - ELEMENTOS DE ENTRADA SECUNDARIOS (KOHA)
Fuente del sistema de clasificación o colocación Clasificación decimal universal
Holdings
Estatus retirado Estado de pérdida Fuente del sistema de clasificación o colocación Estado de daño No para préstamo Biblioteca de origen Biblioteca actual Ubicación en estantería Fecha de adquisición Fuente de adquisición Total de préstamos Signatura topográfica completa Código de barras Visto por última vez Precio de reemplazo Tipo de ítem Koha
    Clasificación decimal universal     Biblioteca del Ateneo de Madrid Biblioteca del Ateneo de Madrid Depósito 1 16/09/2016 Donación   A-13947 1196310 23/02/2023 23/02/2023 Libro impreso